Ricostruisci la Carriera del Calciatore - Marco Marchionni - Statistics

Statistiche generali
  • Questo quiz è stato fatto 8 volte
  • Il punteggio medio è 3 su 11
Statistiche sulle risposte
Hint Risposta % Corretto
1997-1998 Monterotondo
67%
1998-2001 Empoli
50%
2015-2017 Latina
50%
2017-2018 Carrarese
33%
2012-2014 Parma
33%
2009-2012 Fiorentina
17%
2006-2009 Juventus
17%
2001-2003 Parma
17%
2003-2006 Parma
17%
2003 Piacenza
17%
2014-2015 Sampdoria
17%
Nessun quiz corrispondente trovato
Distribuzione punteggi
Percentuale di utenti per punteggio
Percentile per numero di risposta
I tuoi punteggi nel tempo
Non hai fatto questo quiz